000 00497nam a2200181Ia 4500
001 22680
005 20260414150847.0
008 260414t2010||||xx |||||||||||||| ||spa||
041 _aESP
082 _a621.384
_bR44
100 _aRestrepo Angulo, Jairo
_eAUT
245 0 _aConceptos básicos de ingeniería de radioprogramación :
_bcompendio de telecomunicaciones n. 3
260 _c2010
300 _a107 páginas :
_c23 cm.
650 _aTCA
654 _aCET
942 _cLIB
_dJUS
_fJUS
_2ddc
_n
999 _c22680
_d22680